000 00567cam a2200193ua 4500
001 4217
008 131002n ii |||gr||||Z||||||eng
040 _cMAIN
082 _a306.36
100 _aSharma, R. N.,
_d1931,
_q(Ram Nath Sharma).
245 _aIntroductory industrial sociology
_cby R. N. Sharma
250 _a1st.
260 _aBombay:
_bMedia promoters &publishers pvt. ltd.,
_c2006.
300 _a440p:
_c23cm.
653 _aSociology
653 _aIntroductory industrial sociology
700 _aSharma, R. K.,
_d1962,
_q(Rajendra K. Sharma).
942 _cBK
999 _c4038
_d4038